000 00626nam a22001937a 4500
999 _c166696
_d166696
005 20190805143833.0
010 _aUR-10341
020 _c200.00
_a9789388356374
035 _aU-8896
037 _bDBAD/PUB
082 _aن
100 _aا نو ا ر ا لحق
245 _aشب ا نتظا ر گز ر ی ہے
_cا نو ا ر ا لحق
246 _bShabe Intezar Guzri hai (Urdu)
_aby Anwarul Haque
260 _aDelhi
_bEducational Publishing House
_c2018 ء
270 _a3191,Vakil Sreet Kucha Pandit Lal Kuan
_bDelhi
_e110006
_k23216162
_l-
300 _a188 ص
_c22 Cm(Hb)
942 _2ddc
_cUR
_hن
_mا ن و